|
|
|
|
| LEADER |
00000naa2a2200000 4500 |
| 001 |
621490 |
| 005 |
20231214125901.0 |
| 035 |
|
|
|a (RuTPU)RU\TPU\conf\20106
|
| 035 |
|
|
|a RU\TPU\conf\20104
|
| 090 |
|
|
|a 621490
|
| 100 |
|
|
|a 20170110d2016 k y0rusy50 ca
|
| 101 |
0 |
|
|a rus
|
| 102 |
|
|
|a RU
|
| 105 |
|
|
|a y z 101zy
|
| 135 |
|
|
|a drgn ---uucaa
|
| 181 |
|
0 |
|a i
|
| 182 |
|
0 |
|a b
|
| 200 |
1 |
|
|a Влияние спутниковой связи на благополучие людей
|f Д. Н. Рудьковский
|g науч. рук. А. В. Жаворонок
|
| 203 |
|
|
|a Текст
|c электронный
|
| 300 |
|
|
|a Заглавие с титульного экрана
|
| 320 |
|
|
|a [Библиогр.: с. 115 (7 назв.)]
|
| 330 |
|
|
|a В данной статье будет проведен краткий ликбез по истории развития спутниковой связи, анализ динамики развития традиционных спутниковых систем, влияние спутниковой индустрии на мировой рынок; роль спутниковой связи в различных сферах жизнедеятельности человека и ее влияние на экономику и благополучие людей в целом, влияние космической отрасли на экологическую обстановку в масштабах Солнечной системы.
|
| 463 |
|
1 |
|0 (RuTPU)RU\TPU\conf\20057
|t Непрерывное благополучие в мире
|l Lifelong Wellbeing In The World
|o сборник научных трудов Международного научного симпозиума, г. Томск, 11-16 сентября 2016 г.
|f Национальный исследовательский Томский политехнический университет (ТПУ) ; под ред. Г. А. Барышевой [и др.]
|v [С. 108-115]
|d 2016
|
| 610 |
1 |
|
|a труды учёных ТПУ
|
| 610 |
1 |
|
|a электронные ресурсы
|
| 610 |
1 |
|
|a спутниковые системы
|
| 610 |
1 |
|
|a благополучие
|
| 610 |
1 |
|
|a Солнечная система
|
| 610 |
1 |
|
|a коммуникации
|
| 610 |
1 |
|
|a навигация
|
| 700 |
|
1 |
|a Рудьковский
|b Д. Н.
|
| 702 |
|
1 |
|a Жаворонок
|b А. В.
|c экономист
|c старший преподаватель Томского политехнического университета
|f 1984-
|g Анастасия Валерьевна
|4 727
|
| 712 |
0 |
2 |
|a Национальный исследовательский Томский политехнический университет (ТПУ)
|b Институт социально-гуманитарных технологий (ИСГТ)
|b Кафедра экономики (ЭКОН)
|3 (RuTPU)RU\TPU\col\18375
|
| 801 |
|
2 |
|a RU
|b 63413507
|c 20170112
|g RCR
|
| 856 |
4 |
|
|u http://earchive.tpu.ru/handle/11683/35946
|
| 942 |
|
|
|c BK
|